Elementos para la comprensión de lo público /privado desde la comunicación /

Uloženo v:
Podrobná bibliografie
Hlavní autor: López Díaz, Fabio
Médium: Text
Tagy: Přidat tag
Žádné tagy, Buďte první, kdo vytvoří štítek k tomuto záznamu!

MARC

LEADER 00000 a a2200000 04500
001 45811
003
040
100 |a López Díaz, Fabio  
245 |a Elementos para la comprensión de lo público /privado desde la comunicación /  |c Fabio López Díaz  
773 |g número37 (2012), páginas 245-254  
999 |c 18497  |d 18497